[Event "33rd Zalakaros Open 2014"]
[Site "Zalakaros HUN"]
[Date "2014.05.25"]
[Round "3.21"]
[White "Meszaros, Tamas"]
[Black "Tesik, Csaba"]
[Result "0-1"]
[WhiteTitle "IM"]
[BlackTitle "FM"]
[WhiteElo "2438"]
[BlackElo "2329"]
[WhiteFideId "717410"]
[BlackFideId "735582"]
[EventDate "2014.05.23"]
[EventType "swiss"]

1. e4 e5 2. Nf3 Nc6 3. Bc4 Nf6 4. d3 h6 5. O-O d6 6. c3 Be7 7. Nbd2 O-O 8. Bb3
Re8 9. Re1 Bf8 10. h3 g6 11. Nf1 Bg7 12. Ng3 Na5 13. Bc2 c5 14. Be3 Bd7 15. Qd2
Kh7 16. Rad1 Rc8 17. b4 cxb4 18. cxb4 Nc6 19. Bb3 Be6 20. Bxe6 Rxe6 21. d4 exd4
22. Nxd4 Nxd4 23. Bxd4 Rc4 24. Qd3 Rxb4 25. Bc5 Ra4 26. e5 Nd7 27. Bxd6 Nxe5 28.
Qb3 Qe8 29. Re2 Ra6 30. Bc7 b5 31. Rde1 Nc4 32. Rxe6 Rxe6 33. Rxe6 fxe6 34. Qd3
Qc6 35. Bf4 Qd5 36. Qb1 Qd4 37. Bc1 Qd1+ 38. Kh2 Bb2 39. Qe4 Qxc1 40. Qxe6 Bg7 0-1

[Event "33rd Zalakaros Open 2014"]
[Site "Zalakaros HUN"]
[Date "2014.05.25"]
[Round "3.22"]
[White "Szamoskozi, Gabor"]
[Black "Czebe, Attila"]
[Result "1/2-1/2"]
[WhiteTitle "FM"]
[BlackTitle "GM"]
[WhiteElo "2358"]
[BlackElo "2409"]
[WhiteFideId "719056"]
[BlackFideId "705268"]
[EventDate "2014.05.23"]
[EventType "swiss"]

1. e4 d6 2. d4 Nf6 3. Nc3 e5 4. Nf3 Nbd7 5. Bc4 Be7 6. O-O exd4 7. Nxd4 Nb6 8.
Be2 O-O 9. a4 a5 10. Re1 c6 11. h3 d5 12. exd5 Nbxd5 13. Nxd5 Nxd5 14. c3 Bf6
15. Bf3 Nb6 16. Nb3 Qxd1 17. Rxd1 Re8 18. Nc5 Be7 19. Nb3 Be6 20. Nd4 Bd5 21.
Bf4 Bf6 22. Bxd5 Nxd5 23. Bg3 Bxd4 24. Rxd4 Re2 25. Rb1 h6 26. c4 Nf6 27. Bc7
Ne4 28. Rd8+ Rxd8 29. Bxd8 Nxf2 30. Bxa5 Nd3 31. b4 Nb2 32. c5 Nc4 33. Bc7 Ne3
34. b5 Rxg2+ 35. Kh1 Ra2 36. a5 cxb5 37. Rxb5 Nd5 38. Bd6 g5 39. Rxb7 Rxa5 40.
c6 Ra1+ 41. Kh2 Rc1 42. Rb5 Rc2+ 43. Kh1 Rc1+ 44. Kh2 Rc2+ 45. Kh1 Rc1+ 46. Kh2 1/2-1/2

[Event "33rd Zalakaros Open 2014"]
[Site "Zalakaros HUN"]
[Date "2014.05.25"]
[Round "3.23"]
[White "Almasi, Istvan"]
[Black "Vegh, Endre"]
[Result "1-0"]
[WhiteTitle "IM"]
[BlackTitle "IM"]
[WhiteElo "2403"]
[BlackElo "2293"]
[WhiteFideId "701742"]
[BlackFideId "700568"]
[EventDate "2014.05.23"]
[EventType "swiss"]

1. Nf3 d6 2. g3 e5 3. Bg2 e4 4. Nd4 Nf6 5. c4 c5 6. Nc2 Bf5 7. Ne3 Bg6 8. Nc3
Be7 9. d3 exd3 10. Bxb7 dxe2 11. Qxe2 Nbd7 12. Bxa8 Qxa8 13. Ned5 Qd8 14. Bf4
Nb6 15. Nxe7 Qxe7 16. Bxd6 Qxe2+ 17. Kxe2 Bh5+ 18. f3 Nxc4 19. Bxc5 Kd7 20. b3
Re8+ 21. Kf2 Ne5 22. Bd4 Nxf3 23. Bxf6 gxf6 24. Nd5 1-0

[Event "33rd Zalakaros Open 2014"]
[Site "Zalakaros HUN"]
[Date "2014.05.25"]
[Round "3.24"]
[White "Bagi, Mate"]
[Black "Dankhazi, Andras"]
[Result "1-0"]
[WhiteTitle "FM"]
[WhiteElo "2378"]
[BlackElo "2203"]
[WhiteFideId "742570"]
[BlackFideId "714267"]
[EventDate "2014.05.23"]
[EventType "swiss"]

1. d4 d5 2. Nc3 Nf6 3. Bf4 e6 4. Nb5 Na6 5. e3 c6 6. Nc3 Bb4 7. Bd3 c5 8. Bxa6
Bxc3+ 9. bxc3 bxa6 10. dxc5 O-O 11. Qd4 Qa5 12. Be5 Ne8 13. Ne2 f6 14. Bg3 Qd8
15. e4 Bb7 16. e5 f5 17. h4 Bc6 18. Nf4 Nc7 19. O-O Qe7 20. c4 Rfd8 21. Rfd1
Rab8 22. Rab1 Rxb1 23. Rxb1 dxc4 24. Qxc4 Qd7 25. h5 Bb5 26. Qb3 Ba4 27. Qd3 Qe7
28. Qd6 Rxd6 29. exd6 Qd8 30. dxc7 Qxc7 31. Nxe6 Qe7 32. Rb8+ Kf7 33. Nd8+ 1-0

[Event "33rd Zalakaros Open 2014"]
[Site "Zalakaros HUN"]
[Date "2014.05.25"]
[Round "3.25"]
[White "Havasi, Gergo"]
[Black "Csonka, Balazs"]
[Result "1/2-1/2"]
[BlackTitle "FM"]
[WhiteElo "2302"]
[BlackElo "2361"]
[WhiteFideId "760293"]
[BlackFideId "742910"]
[EventDate "2014.05.23"]
[EventType "swiss"]

1. e4 e5 2. Nf3 Nc6 3. Bb5 Nf6 4. O-O Nxe4 5. Re1 Nd6 6. Nxe5 Be7 7. Bf1 Nxe5 8.
Rxe5 O-O 9. Nc3 Ne8 10. Nd5 Bd6 11. Re1 c6 12. Ne3 Bc7 13. Nf5 d5 14. Ne7+ Kh8
15. Nxc8 Rxc8 16. d3 Nf6 17. Qf3 Qd7 18. g3 Ng4 19. d4 Rce8 20. Bg5 f5 21. Rxe8
Qxe8 22. h3 Nf6 23. Bxf6 Rxf6 24. Bd3 f4 25. g4 Re6 1/2-1/2

[Event "33rd Zalakaros Open 2014"]
[Site "Zalakaros HUN"]
[Date "2014.05.25"]
[Round "3.26"]
[White "Papp, Petra"]
[Black "Antal, Tibor Kende"]
[Result "0-1"]
[WhiteTitle "WGM"]
[BlackTitle "FM"]
[WhiteElo "2292"]
[BlackElo "2357"]
[WhiteFideId "739049"]
[BlackFideId "738581"]
[EventDate "2014.05.23"]
[EventType "swiss"]

1. d4 Nf6 2. c4 e6 3. Nc3 Bb4 4. f3 d5 5. a3 Bxc3+ 6. bxc3 O-O 7. e3 b6 8. cxd5
exd5 9. Bd3 Re8 10. Ra2 c5 11. Ne2 Ba6 12. Bxa6 Nxa6 13. O-O Qc8 14. Re1 Nc7 15.
a4 Qa6 16. Ng3 Qc4 17. Rae2 Ne6 18. Qc2 cxd4 19. cxd4 Qxc2 20. Rxc2 Nxd4 21. Rc3
Ne6 22. Nf5 g6 23. Nd6 Red8 24. Ba3 Rd7 25. e4 Rad8 26. e5 d4 27. Rc4 Nd5 28.
Bb2 Ne3 29. Rcc1 Nf5 30. Ba3 Nxd6 31. exd6 Nc5 32. Bxc5 bxc5 33. Rxc5 Rxd6 34.
Rd1 f5 35. Kf2 R8d7 36. h4 Kf7 37. h5 d3 38. hxg6+ hxg6 39. g3 Rd4 40. Rc3 a5
41. Ra3 Kf6 42. Ke3 d2 43. Rb3 R7d6 44. Rb2 Rxa4 45. Rdxd2 Ra3+ 46. Kf2 Ra6 47.
Rd5 a4 48. g4 Rc3 49. gxf5 a3 50. Rbd2 gxf5 51. Rd6+ Rxd6 52. Rxd6+ Ke5 53. Ra6
f4 54. Ke2 Re3+ 55. Kf2 Rb3 56. Ke2 Kd4 57. Ra4+ Kc3 58. Rxf4 a2 59. Ra4 Kb2 60.
Rxa2+ Kxa2 61. Kf2 Kb2 0-1

[Event "33rd Zalakaros Open 2014"]
[Site "Zalakaros HUN"]
[Date "2014.05.25"]
[Round "3.27"]
[White "Vajda, Szidonia"]
[Black "Boguszlavszkij, Jevgenyij"]
[Result "1/2-1/2"]
[WhiteTitle "IM"]
[BlackTitle "IM"]
[WhiteElo "2352"]
[BlackElo "2217"]
[WhiteFideId "723894"]
[BlackFideId "700614"]
[EventDate "2014.05.23"]
[EventType "swiss"]

1. e4 c6 2. d4 d5 3. Nc3 g6 4. h3 Bg7 5. Nf3 dxe4 6. Nxe4 Nf6 7. Nxf6+ exf6 8.
Bd3 O-O 9. O-O Qc7 10. Be3 Be6 11. c4 Na6 12. Qd2 Rad8 13. a3 Qd7 14. Rfd1 Nc7
15. Bf4 Rc8 16. Qa5 a6 17. Rac1 Rfd8 18. Be4 Ne8 19. d5 Bf5 20. Bxf5 Qxf5 21.
Be3 cxd5 22. Rxd5 Rxd5 23. cxd5 Rxc1+ 24. Bxc1 Qb1 25. Qe1 Nd6 26. Bf4 Qxe1+ 27.
Nxe1 Nc4 28. Nd3 Bf8 29. Bc7 Bd6 30. b3 Ne5 31. Bxd6 Nxd3 32. f4 f5 33. g3 f6
34. b4 Kf7 35. Kf1 Nb2 36. Bc5 b5 37. Ke2 Nc4 38. Kd3 Nxa3 39. Kc3 Ke8 40. Kd4
Kd7 41. Bf8 Nc2+ 42. Kc5 Ne3 43. Bg7 Nf1 44. Bxf6 Nxg3 45. Be5 g5 46. fxg5 Ne4+
47. Kb6 Nxg5 48. Kxa6 Nxh3 49. Kxb5 f4 50. Kc4 f3 51. Kd3 Nf2+ 52. Kd2 Ng4 53.
Bg3 Nf6 54. Ke3 Nxd5+ 55. Kxf3 Nxb4 56. Kg4 Ke6 1/2-1/2

[Event "33rd Zalakaros Open 2014"]
[Site "Zalakaros HUN"]
[Date "2014.05.25"]
[Round "3.28"]
[White "Gara, Ticia"]
[Black "Peczely, Sebastian Zsombor"]
[Result "0-1"]
[WhiteTitle "WGM"]
[WhiteElo "2338"]
[BlackElo "2200"]
[WhiteFideId "717444"]
[BlackFideId "750964"]
[EventDate "2014.05.23"]
[EventType "swiss"]

1. e4 e5 2. Nf3 Nc6 3. Bb5 a6 4. Ba4 Nf6 5. d3 b5 6. Bb3 Be7 7. O-O d6 8. a3 O-O
9. Re1 Bg4 10. c3 Na5 11. Ba2 c5 12. Nbd2 Rc8 13. h3 Be6 14. Bxe6 fxe6 15. b4
Nc6 16. Nf1 h6 17. Ne3 d5 18. exd5 Nxd5 19. Nxd5 exd5 20. Nxe5 Nxe5 21. Rxe5 Bf6
22. Re2 Bxc3 23. Bb2 Bxb2 24. Rxb2 Qf6 25. Rc2 cxb4 26. Rxc8 Qxf2+ 27. Kh1 Rxc8
28. axb4 Qb2 29. Rb1 Qd4 30. Qe2 Rf8 31. Qe6+ Kh7 32. Rd1 Qxb4 33. Qxa6 Qb3 34.
Qa1 b4 35. Rf1 Qc3 36. Qd1 Rxf1+ 37. Qxf1 Kg8 38. Qf5 Qc1+ 39. Kh2 Qc7+ 40. Kh1
Qb7 41. Qe6+ Kh8 42. Qe8+ Kh7 43. h4 b3 44. h5 Qb6 45. Qf7 Qb8 46. Qf5+ Kh8 47.
d4 b2 48. Qb1 Qb3 49. Kh2 Qb6 0-1

[Event "33rd Zalakaros Open 2014"]
[Site "Zalakaros HUN"]
[Date "2014.05.25"]
[Round "3.29"]
[White "Radnai, Adam"]
[Black "Havanecz, Bianka"]
[Result "1-0"]
[WhiteTitle "FM"]
[WhiteElo "2329"]
[BlackElo "2195"]
[WhiteFideId "726702"]
[BlackFideId "704814"]
[EventDate "2014.05.23"]
[EventType "swiss"]

1. e4 e5 2. Nf3 Nc6 3. Be2 Nf6 4. d3 Bc5 5. O-O d6 6. c4 h6 7. Nc3 Bg4 8. Na4
Bxf3 9. Bxf3 Bd4 10. Rb1 a5 11. Nc3 O-O 12. Kh1 Ne7 13. Ne2 Bb6 14. a3 Nh7 15.
Ng3 c6 16. b4 a4 17. Bg4 Kh8 18. Qc2 Nf6 19. Bh3 g5 20. f3 Ng6 21. Nf5 Kh7 22.
c5 Bc7 23. cxd6 Bxd6 24. g3 Ne8 25. Be3 Ne7 26. Nxd6 Nxd6 27. d4 Nb5 28. Rbd1
exd4 29. Qb2 Ng6 30. Bf5 Kg7 31. Bxd4+ Nxd4 32. Qxd4+ Qxd4 33. Rxd4 Rad8 34.
Rfd1 Rxd4 35. Rxd4 Re8 36. Bxg6 Kxg6 37. Kg2 Re5 38. f4 gxf4 39. gxf4 Rb5 40.
Rd6+ Kg7 41. Kf3 Rh5 42. Kg3 Rb5 43. h3 h5 44. e5 Kf8 45. Kh4 c5 46. Rd5 cxb4
47. Rxb5 bxa3 48. Rb1 b5 49. Kxh5 Ke7 50. f5 Kd7 51. e6+ fxe6 52. f6 1-0

[Event "33rd Zalakaros Open 2014"]
[Site "Zalakaros HUN"]
[Date "2014.05.25"]
[Round "3.30"]
[White "Madl, Ildiko"]
[Black "Juhasz, Barbara"]
[Result "1-0"]
[WhiteTitle "IM"]
[BlackTitle "WFM"]
[WhiteElo "2328"]
[BlackElo "2161"]
[WhiteFideId "700550"]
[BlackFideId "743585"]
[EventDate "2014.05.23"]
[EventType "swiss"]

1. e4 e5 2. Nf3 Nc6 3. Bb5 a6 4. Ba4 Nf6 5. O-O Be7 6. Re1 b5 7. Bb3 O-O 8. d4
Nxd4 9. Bxf7+ Rxf7 10. Nxe5 Ne6 11. Nxf7 Kxf7 12. e5 Ne8 13. Qf3+ Kg8 14. Qxa8
c6 15. Be3 N8c7 16. Qa7 Nd5 17. Nc3 Nb4 18. Rac1 c5 19. Qa8 Nc6 20. Nd5 Bf8 21.
Nb6 Qxb6 22. Qxc8 Qa7 23. Rcd1 Ned4 24. Bxd4 Nxd4 25. c3 1-0

[Event "33rd Zalakaros Open 2014"]
[Site "Zalakaros HUN"]
[Date "2014.05.25"]
[Round "3.31"]
[White "Kozak, Adam"]
[Black "Gara, Anita"]
[Result "1-0"]
[BlackTitle "IM"]
[WhiteElo "2210"]
[BlackElo "2326"]
[WhiteFideId "753246"]
[BlackFideId "709751"]
[EventDate "2014.05.23"]
[EventType "swiss"]

1. d4 Nf6 2. c4 g6 3. Nc3 Bg7 4. e4 d6 5. Nf3 O-O 6. Be2 e5 7. O-O Nc6 8. d5 Ne7
9. Ne1 Ne8 10. Be3 f5 11. f3 f4 12. Bf2 h5 13. c5 g5 14. a4 Ng6 15. a5 Bh6 16.
Nb5 a6 17. Na3 Rf7 18. Nc4 Rg7 19. h3 Kh7 20. cxd6 Nxd6 21. Ra3 Nxc4 22. Bxc4 g4
23. fxg4 hxg4 24. hxg4 f3 25. gxf3 Nh4 26. Bg3 Qe7 27. Rc3 Bd7 28. Ng2 Ng6 29.
Qe2 Rf8 30. Ne3 Nf4 31. Qh2 Qd6 32. Ng2 Qc5+ 33. Bf2 Qb4 34. Nxf4 Rxf4 35. Bg3
Qc5+ 36. Kh1 Rf8 37. Bxe5 Rg6 38. Bxc7 Qd4 39. Be5 Qd2 40. Qxd2 Bxd2 41. Rb3 Bc8
42. Bc7 Rgf6 43. Kg2 Kg6 44. e5 Rf4 45. Bd3+ Kg7 46. e6 Ra4 47. Be5+ Kg8 48. Rh1 1-0

[Event "33rd Zalakaros Open 2014"]
[Site "Zalakaros HUN"]
[Date "2014.05.25"]
[Round "3.32"]
[White "Szalanczy, Emil"]
[Black "Terbe, Julianna"]
[Result "0-1"]
[WhiteTitle "IM"]
[WhiteElo "2266"]
[BlackElo "2130"]
[WhiteFideId "700347"]
[BlackFideId "708780"]
[EventDate "2014.05.23"]
[EventType "swiss"]

1. e4 c5 2. Nf3 Nc6 3. d4 cxd4 4. Nxd4 Nf6 5. Nc3 e5 6. Ndb5 d6 7. Bg5 a6 8. Na3
b5 9. Nd5 Be7 10. Bxf6 Bxf6 11. c3 Ne7 12. Nc2 Nxd5 13. Qxd5 Ra7 14. Nb4 Bb7 15.
Qd3 Qa8 16. f3 O-O 17. Rd1 Rd8 18. Nd5 Bg5 19. b3 Qc8 20. Qc2 Qc5 21. Qf2 Qxf2+
22. Kxf2 Bxd5 23. Rxd5 Rc7 24. c4 b4 25. Be2 Rc5 26. a3 Rxd5 27. cxd5 bxa3 28.
Ra1 Bd2 29. Rxa3 a5 30. Ra2 Bb4 31. Bc4 f6 32. Ke3 Kf7 33. Kd3 Rc8 34. g3 g5 35.
Ra1 h6 36. Rh1 Kg7 37. h4 Kg6 38. h5+ Kg7 39. Ra1 Kf7 40. Ke2 Ke7 41. Kf2 Kf7
42. Kg2 Kg7 43. Kh3 Rc7 44. Kg4 Bc3 45. Ra4 Bb4 46. Ra2 Bc3 47. Bb5 Rc5 48. Bc4
Bb4 49. Kf5 Kf7 50. f4 Be1 51. Kg4 Rc7 52. Ra1 Bd2 53. Rd1 Be3 54. fxe5 fxe5 55.
Rf1+ Kg7 56. Ra1 Bd2 57. Ra2 Bb4 58. Rc2 Rc8 59. Kf5 Kf7 60. Ra2 Rc7 61. g4 Rc8
62. Rc2 Rc7 63. Rc1 Rc8 64. Rf1 a4 65. Ba6 Ra8 66. Rc1 Ba5 67. b4 Bb6 68. Rc6
Rxa6 69. b5 Ra7 70. Rc4 Rc7 0-1

[Event "33rd Zalakaros Open 2014"]
[Site "Zalakaros HUN"]
[Date "2014.05.25"]
[Round "3.33"]
[White "Erdos, Boglarka"]
[Black "Rigo, Janos"]
[Result "1/2-1/2"]
[BlackTitle "IM"]
[WhiteElo "2185"]
[BlackElo "2266"]
[WhiteFideId "727458"]
[BlackFideId "700371"]
[EventDate "2014.05.23"]
[EventType "swiss"]

1. Nf3 b6 2. g3 Bb7 3. Bg2 g6 4. c4 Bg7 5. d4 f5 6. O-O Nf6 7. Nc3 O-O 8. d5 a6
9. e4 fxe4 10. Ng5 a5 11. Ncxe4 Na6 12. Be3 Rb8 13. h4 Bc8 14. Bd4 Nc5 15. Re1
Nb7 16. Qe2 Nd6 17. Nxd6 exd6 18. Qe7 Ba6 19. b3 h6 20. Nh3 Re8 21. Qxd8 Rbxd8
22. Bf1 Ng4 23. Bxg7 Kxg7 24. Be2 Nf6 25. Bf3 b5 26. cxb5 Bxb5 27. Nf4 Re5 28.
Ng2 Rf5 29. Re7+ Kf8 30. Re3 Re8 31. Rc3 Be2 32. Bxe2 Rxe2 33. Nf4 Rb2 34. Nxg6+
Kf7 35. Nf4 Nxd5 36. Nxd5 Rxd5 37. Rf3+ Kg6 38. Rc1 c6 39. Rc4 Rf5 40. Rxf5 Kxf5
41. Ra4 d5 42. Kg2 Rc2 43. Kf3 c5 44. g4+ Ke5 45. g5 hxg5 46. hxg5 Kf5 47. Rxa5
Kxg5 48. Ra7 Kf5 49. Rxd7 Ke5 50. Re7+ Kd4 51. Ra7 Kd3 52. Rd7 d4 53. a4 Rc3 54.
Rd5 Kc2+ 55. Ke2 Kxb3 56. a5 Kc4 57. Rd6 Rc2+ 58. Kf3 Ra2 59. a6 Kd3 60. Kf4 c4
61. Ke5 Ra5+ 62. Rd5 Rxa6 63. Rxd4+ Kc3 64. Rd8 Rc6 65. f4 Kb2 66. Rb8+ Kc2 67.
f5 c3 68. f6 1/2-1/2

[Event "33rd Zalakaros Open 2014"]
[Site "Zalakaros HUN"]
[Date "2014.05.25"]
[Round "3.34"]
[White "Maroroa, Sue"]
[Black "Varga, Klara"]
[Result "1/2-1/2"]
[WhiteTitle "WIM"]
[BlackTitle "WIM"]
[WhiteElo "2131"]
[BlackElo "2260"]
[WhiteFideId "4301498"]
[BlackFideId "733210"]
[EventDate "2014.05.23"]
[EventType "swiss"]

1. e4 e6 2. d4 d5 3. Nd2 Be7 4. Ngf3 Nf6 5. e5 Nfd7 6. Bd3 c5 7. c3 b6 8. O-O
Ba6 9. Ne1 Bxd3 10. Nxd3 cxd4 11. cxd4 Nc6 12. Qg4 g6 13. Nf3 h5 14. Qf4 g5 15.
Nxg5 Bxg5 16. Qxg5 Qxg5 17. Bxg5 Nxd4 18. Rfd1 Rg8 19. f4 Rc8 20. Nf2 Ne2+ 21.
Kf1 Rc2 22. Re1 Nd4 23. Rac1 Rc6 24. Rxc6 Nxc6 25. Rc1 Nc5 26. h4 Kd7 27. g4
hxg4 28. Nxg4 Ne4 29. Re1 Rc8 30. Rc1 Rh8 31. Nf6+ Nxf6 32. Bxf6 Rh5 33. Kg2 Nd4
34. Kh3 Nf5 35. b4 Ne3 36. b5 d4 37. Kg3 d3 38. Rc3 d2 39. Rd3+ Kc7 40. Rxd2
Nf1+ 41. Kg4 Rxh4+ 42. Bxh4 Nxd2 43. Be1 Nc4 44. Bb4 Ne3+ 45. Kf3 Nd5 46. Bd2
Kd7 47. Ke4 Kc8 48. Kd4 Kd8 49. f5 Nc7 50. fxe6 Nxe6+ 51. Kd5 Kd7 52. Bb4 Nc7+
53. Kc4 Ne8 54. Kd5 Nc7+ 55. Kc4 Ne8 1/2-1/2

[Event "33rd Zalakaros Open 2014"]
[Site "Zalakaros HUN"]
[Date "2014.05.25"]
[Round "3.35"]
[White "Goczo, Melinda"]
[Black "Hrbolka, Ladislav"]
[Result "1-0"]
[WhiteTitle "WIM"]
[BlackTitle "FM"]
[WhiteElo "2229"]
[BlackElo "2110"]
[WhiteFideId "711985"]
[BlackFideId "300772"]
[EventDate "2014.05.23"]
[EventType "swiss"]

1. d4 Nf6 2. c4 e6 3. Nf3 b6 4. a3 Bb7 5. Nc3 Be7 6. d5 O-O 7. e4 exd5 8. cxd5
d6 9. Be2 Nbd7 10. O-O Nc5 11. Qc2 a5 12. Re1 Qc8 13. Bf4 a4 14. Rad1 Ba6 15. e5
Bxe2 16. Rxe2 Nh5 17. Bg5 f6 18. exf6 Bxf6 19. Rde1 Qg4 20. h3 Qc4 21. Bxf6 Nxf6
22. Ng5 Nd3 23. Rd1 Nf4 24. Re7 Ng6 25. Re3 b5 26. Ne6 c5 27. dxc6 Qxc6 28. Nxf8
Rxf8 29. Qd2 Rd8 30. Nd5 Rf8 31. Nxf6+ Rxf6 32. Qd5+ 1-0

[Event "33rd Zalakaros Open 2014"]
[Site "Zalakaros HUN"]
[Date "2014.05.26"]
[Round "4.1"]
[White "Berkes, Ferenc"]
[Black "Bachmann, Axel"]
[Result "1/2-1/2"]
[WhiteTitle "GM"]
[BlackTitle "GM"]
[WhiteElo "2665"]
[BlackElo "2589"]
[WhiteFideId "718572"]
[BlackFideId "3700488"]
[EventDate "2014.05.23"]
[EventType "swiss"]

1. d4 Nf6 2. c4 e6 3. Nf3 Bb4+ 4. Bd2 a5 5. g3 c5 6. Bg2 cxd4 7. Nxd4 Nc6 8. Nc2
Bc5 9. Be3 Qb6 10. Bxc5 Qxc5 11. Nba3 1/2-1/2

[Event "33rd Zalakaros Open 2014"]
[Site "Zalakaros HUN"]
[Date "2014.05.26"]
[Round "4.2"]
[White "Jones, Gawain C B"]
[Black "Horvath, Adam1"]
[Result "1/2-1/2"]
[WhiteTitle "GM"]
[BlackTitle "GM"]
[WhiteElo "2645"]
[BlackElo "2531"]
[WhiteFideId "409561"]
[BlackFideId "708003"]
[EventDate "2014.05.23"]
[EventType "swiss"]

1. d4 Nf6 2. c4 e6 3. Nc3 Bb4 4. e3 O-O 5. Bd3 d5 6. Nf3 c5 7. O-O cxd4 8. exd4
dxc4 9. Bxc4 b6 10. Bg5 Bb7 11. Re1 Nbd7 12. Bd3 Rc8 13. Rc1 h6 14. Bh4 Be7 15.
Bb1 b5 16. a3 a6 17. Ne5 Re8 18. Qd3 Nxe5 19. Rxe5 g6 20. h3 Nd5 21. Bxe7 Qxe7
22. Qd2 Nxc3 23. bxc3 Kg7 24. a4 Bd5 25. axb5 axb5 26. Bd3 Qb7 27. f3 Qc6 28.
Qb2 Rb8 29. Qb4 Rec8 30. h4 Qd7 31. h5 g5 32. Rb1 Qc7 33. Rc1 Qd7 34. Kf2 Rb7
35. Ra1 Rbb8 36. Ra3 Qb7 37. Re1 Qc7 38. g3 Qc6 39. Re5 Qc7 40. Re3 Qd7 41. Ra5
Bc4 42. Be4 e5 43. Kg2 exd4 44. cxd4 Qxd4 45. Rd3 Qe5 46. Rd6 Be6 47. Raa6 Qc3
48. Qb1 Re8 49. Rac6 Qe5 50. Qb4 Rbd8 51. Rxd8 Rxd8 52. Rb6 Qa1 53. Rxb5 Qd1 54.
Qc3+ Kg8 55. Rb2 Qa1 56. g4 Bc4 57. Kh2 Be6 58. Kg2 Qd1 59. Qf6 Rd2+ 60. Rxd2
Qxd2+ 61. Kg3 Bc4 62. Qa1 Qd6+ 63. Kg2 Qd2+ 64. Kg3 Ba2 65. Qe5 Qe1+ 66. Kg2
Qd2+ 67. Kg3 Be6 68. Qb8+ Kg7 69. Qe5+ Kg8 70. Bf5 Qd1 71. Qb8+ Kg7 72. Qb2+ Kg8
73. Qb8+ Kg7 74. Qe5+ Kg8 75. Qb8+ 1/2-1/2

[Event "33rd Zalakaros Open 2014"]
[Site "Zalakaros HUN"]
[Date "2014.05.26"]
[Round "4.3"]
[White "Chernyshov, Konstantin"]
[Black "Onischuk, Vladimir"]
[Result "0-1"]
[WhiteTitle "GM"]
[BlackTitle "GM"]
[WhiteElo "2508"]
[BlackElo "2594"]
[WhiteFideId "4117328"]
[BlackFideId "14114038"]
[EventDate "2014.05.23"]
[EventType "swiss"]

1. d4 d6 2. g3 g6 3. Bg2 Bg7 4. e4 Nc6 5. Ne2 e5 6. dxe5 dxe5 7. Qxd8+ Nxd8 8.
Be3 Nf6 9. h3 h5 10. Nbc3 h4 11. gxh4 Ne6 12. Bg5 c6 13. O-O-O Nh5 14. Bf3 Bf8
15. Rdg1 Be7 16. Nd1 f6 17. Be3 Kf7 18. Rh2 Nhg7 19. Rhg2 Rxh4 20. Rxg6 Ng5 21.
R6xg5 fxg5 22. Bg4 Ne6 23. Ng3 Nf4 24. Bxf4 gxf4 25. Nf5 Rh8 26. Kd2 Be6 27. b3
Rad8+ 28. Ke2 Bb4 29. c3 Ba5 30. b4 Bb6 31. Nb2 Bxf2 32. Kxf2 Rd2+ 33. Kf3 Rxb2
34. Nd6+ Ke7 35. Bxe6 Kxe6 36. Rg6+ Kd7 37. Nc4 Rxh3+ 38. Kg4 Rg3+ 39. Kf5 Rxg6
40. Nxb2 Re6 41. Nd3 Re7 42. c4 Kc7 43. c5 b5 44. a3 Re8 45. Kf6 f3 0-1

[Event "33rd Zalakaros Open 2014"]
[Site "Zalakaros HUN"]
[Date "2014.05.26"]
[Round "4.4"]
[White "Horvath, Jozsef1"]
[Black "Papp, Gabor1"]
[Result "1/2-1/2"]
[WhiteTitle "GM"]
[BlackTitle "GM"]
[WhiteElo "2507"]
[BlackElo "2580"]
[WhiteFideId "700061"]
[BlackFideId "718602"]
[EventDate "2014.05.23"]
[EventType "swiss"]

1. d4 Nf6 2. c4 c5 3. e3 e6 4. Nc3 d5 5. Nf3 a6 6. dxc5 Bxc5 7. a3 O-O 8. b4 Ba7
9. Bb2 dxc4 10. Qxd8 Rxd8 11. Bxc4 b5 12. Be2 Nbd7 13. O-O Bb7 14. a4 bxa4 15.
Rxa4 1/2-1/2

[Event "33rd Zalakaros Open 2014"]
[Site "Zalakaros HUN"]
[Date "2014.05.26"]
[Round "4.5"]
[White "Kovchan, Alexander"]
[Black "Korpa, Bence"]
[Result "1-0"]
[WhiteTitle "GM"]
[BlackTitle "FM"]
[WhiteElo "2558"]
[BlackElo "2415"]
[WhiteFideId "14103052"]
[BlackFideId "706671"]
[EventDate "2014.05.23"]
[EventType "swiss"]

1. e4 c5 2. Nf3 e6 3. d4 cxd4 4. Nxd4 Nc6 5. Nc3 Qc7 6. Be2 a6 7. O-O Nf6 8. Be3
Bb4 9. Na4 Be7 10. Nxc6 bxc6 11. Nb6 Rb8 12. Nxc8 Qxc8 13. Bd4 Qc7 14. e5 Nd5
15. c4 Nf4 16. g3 Nxe2+ 17. Qxe2 c5 18. Bc3 O-O 19. Rad1 d6 20. Rfe1 Rbd8 21.
exd6 Bxd6 22. Qg4 g6 23. Qg5 Be7 24. Qh6 f6 25. Rxd8 Rxd8 26. Rxe6 Rd1+ 27. Re1
Rxe1+ 28. Bxe1 Qe5 29. Bc3 Qf5 30. Qe3 Kf7 31. Kg2 h5 32. h3 g5 33. Qf3 Kg6 34.
Qxf5+ Kxf5 35. Kf3 g4+ 36. hxg4+ hxg4+ 37. Ke3 Bd8 38. b4 cxb4 39. Bxb4 Bb6+ 40.
c5 Bc7 41. Kd4 Ke6 42. Kc4 Bd8 43. Bd2 Bc7 44. c6 Bb6 45. Be3 Bc7 46. Kc5 Bd8
47. Bf4 Ba5 48. a3 Ke7 49. Kd5 Bb6 50. Be3 Ba5 51. Bc5+ Kd8 52. Kd6 Kc8 53. Bd4
Bd8 54. Ke6 a5 55. a4 1-0

[Event "33rd Zalakaros Open 2014"]
[Site "Zalakaros HUN"]
[Date "2014.05.26"]
[Round "4.6"]
[White "Rapport, Richard"]
[Black "Fodor, Tamas Jr."]
[Result "1/2-1/2"]
[WhiteTitle "GM"]
[BlackTitle "GM"]
[WhiteElo "2701"]
[BlackElo "2462"]
[WhiteFideId "738590"]
[BlackFideId "723762"]
[EventDate "2014.05.23"]
[EventType "swiss"]

1. c4 e5 2. Nc3 Nf6 3. Nf3 Nc6 4. e3 d5 5. cxd5 Nxd5 6. Qc2 Ndb4 7. Qb1 Be6 8.
a3 Nd5 9. Bb5 f6 10. d4 Bd6 11. Nxd5 Bxd5 12. e4 Bf7 13. dxe5 fxe5 14. Qc2 O-O
15. Bxc6 bxc6 16. Ng5 Bg6 17. Ne6 Qh4 18. Nxf8 Rxf8 19. Be3 Qxe4 20. Qxe4 Bxe4
21. f3 Bd5 22. Bxa7 e4 23. f4 Bxf4 24. Bd4 e3 25. a4 g6 26. O-O e2 27. Rf2 Bc4
28. h4 h5 29. Re1 Rf5 30. Rfxe2 Bxe2 31. Rxe2 Rd5 32. Bc3 Rd1+ 33. Re1 Rd3 34.
a5 Bd6 35. Kf1 Kf7 36. Re4 Rd1+ 37. Re1 Rd3 38. a6 Bc5 39. Ke2 Rg3 40. Rf1+ Ke6
41. Rf6+ Kd5 42. Kf1 Rg4 43. b3 Rxh4 44. Rxg6 Rf4+ 45. Ke1 Rf8 46. Rg5+ Kd6 47.
Rxh5 Ra8 48. g4 Rxa6 49. g5 Rb6 50. g6 Bb4 51. Kd2 Ke6 52. Rg5 Bxc3+ 53. Kxc3
Rb8 54. Rg3 Kf6 55. g7 Rg8 56. Kd4 Rxg7 57. Rxg7 Kxg7 58. Kc5 Kf6 59. Kxc6 Ke5
60. Kxc7 Kd4 1/2-1/2